000 00557cam a22001933a 4500
001 38916
003 PGUSA
005 20140828083847.0
008 120218s2012||||xxu|||||s|||||000 | eng d
040 _aPGUSA
_beng
042 _adc
245 1 4 _aThe Trial of Oscar Wilde :
_bFrom the Shorthand Reports
_h[electronic resource] /
_cAnonymous
260 _bProject Gutenberg,
_c2012
506 _aPublic domain in the USA.
516 _aElectronic text
830 0 _aProject Gutenberg
_v38916
856 4 0 _uhttp://www.gutenberg.org/ebooks/38916
942 _cEB
999 _c268169
_d268169